Najmniejsza liczba naturalna zawierająca literę A-Z - Statystyki

Ogólne statystyki
  • Ten quiz został rozwiązany 153 razy
  • Średni wynik to 17 z 26
Statystyki odpowiedzi
Litera Liczba % Poprawnych
A dwa
99%
D jeden
86%
J jeden
85%
Ć pięć
85%
C cztery
84%
Ę pięć
80%
E zero
80%
I pięć
79%
T trzy
78%
O zero
77%
N jeden
76%
R zero
75%
Z zero
75%
Y trzy
74%
W dwa
73%
S sześć
72%
P pięć
71%
Ś sześć
70%
M siedem
69%
Ą pięćdziesiąt
62%
B bilion
61%
L milion
47%
K kwadrylion
24%
G gugol
19%
Ó pięć milionów
5%
U undecylion
1%
Nie znaleziono quizów pasujących do podanych kryteriów
Rozkład punktacji
Procent ludzi z każdym wynikiem
Percentyl według liczby udzielonych odpowiedzi
Twoja historia wyników
Nie rozwiązałeś tego quizu